1530 1972 1622 1476 1638 1511 1062 1733 1076 1983 1129 1932 1907 1544 1137 1230 1693 1322 1057 1887 1892 1243 1645 1163 1580 1160 1734 1994 1268 1457 1320 1073 1889 1328 1195 1641 1613 1041 1860 1978 1351 1148 1228 1725 1680 1904 1868 1012 1373 1702 1556 1655 1227 1425 1902 1526 1541 1337 1817 1267 1242 1496 1147 1867 1851 1088 1912 1574 1440 1225 1402 1594 1425 1713 1993 1739 1150 1345 1745 1819 1781 1000 1651 1832 1574 1431 1807 1919 1956 1474 1611 1182 1448 1059 1741 1788 1786 1214 1362 BCNSPRNW ULIB Ver.6.0+V

เปลี่ยนเป็นภาษาไทย

Change to English
 แสดงรายละเอียดบรรณานุกรม
  กลับหน้าหลัก

Brief Record : Get Marc (ISO 2709) : E-mail record : QR code < ปิดหน้าต่าง
LEADER : 00000nam 2200000uu 4500
001    13399128375
003     ULIB
008    230707s2564||||th 000 0 tha d
020    ^a9786168201138
060 04 ^aWG180^bว719ก
100 0  ^aวิลาวัณย์ ถิรภัทรพงศ์
245 10 ^aการฟื้นฟูสมรรถภาพหัวใจและปอด = ^bCardiopulmonaryrehabilitation /^cวิลาวัณย์ ถิรภัทรพงศ์
246 31 ^aCardiopulmonary rehabilitation
250    ^aพิมพ์ครั้งที่ 1
260    ^aกรุงเทพฯ :^bสำนักพิมพ์ศิริราช,^c2564
300    ^a290 หน้า :^bภาพประกอบ ;^c30 ซม.
650  4 ^aการฟื้นฟูสมรรถภาพ
650  4 ^aระบบหัวใจและหลอดเลือด^xโรค^xการฟื้นฟูสมรรถภาพ
650  4 ^aหัวใจ, โรค^xการฟื้นฟูสมรรถภาพ
650  4 ^aปอด, โรค^xผู้ป่วย^xการฟื้นฟูสมรรถภาพ
710 2  ^aมหาวิทยาลัยมหิดล.^bคณะแพทยศาสตร์ศิริราชพยาบาล
945    ^p400^l0^i009859
945    ^p400^l0^i009860
945    ^p400^l0^i009861
999    ^aประนอม เกษจรัล
รายการนี้ยังไม่มีแท็ก
คุณยังไม่ได้ล็อกอิน คุณสามารถมีกิจกรรมร่วมกับเว็บไซต์ได้ แต่ต้องล็อกอินก่อน ::
  ล็อกอิน

รายการสื่อสารสนเทศ

ลำดับที่ ประเภท เลขเรียก/บาร์โค้ด สถานที่ สถานะ
1. วิทยาศาสตร์การแพทย์ และสุขภาพ
หนังสือสำรอง
สถานะ=หนังสือสำรอง
WG180 ว719ก ฉ.1 
  Barcode: 009859
ห้องสมุดวิทยาเขตสวรรค์ประชารักษ์
►หนังสือทั่วไป
บนชั้น
2. วิทยาศาสตร์การแพทย์ และสุขภาพ
วิทยาศาสตร์การแพทย์ และสุขภาพ
WG180 ว719ก ฉ.2 
  Barcode: 009860
ห้องสมุดวิทยาเขตสวรรค์ประชารักษ์
►หนังสือทั่วไป
ถูกยืม กำหนดส่งวันที่ 7 กรกฎาคม 2569
  จอง
3. วิทยาศาสตร์การแพทย์ และสุขภาพ
วิทยาศาสตร์การแพทย์ และสุขภาพ
WG180 ว719ก ฉ.3 
  Barcode: 009861
ห้องสมุดวิทยาเขตสวรรค์ประชารักษ์
►หนังสือทั่วไป
บนชั้น

รายการใกล้เคียง
    ผู้แต่ง [วิลาวัณย์ ถิรภัทรพงศ์]

    หัวเรื่อง [การฟื้นฟูสมรรถภาพ]

BibComment


ยังไม่เคยถูกคอมเมนท์

คอมเมนท์ทรัพยากรรายการนี้
  คอมเมนท์: การฟื้นฟูสมรรถภา..


 Copyright 2026. Bcnsprnw @Library